Normal view
MARC view
- Kohonen, Teuvo
Entry Personal Name
001 - CONTROL NUMBER
- control field: 82193
003 - CONTROL NUMBER IDENTIFIER
- control field: NUST
005 - DATE AND TIME OF LATEST TRANSACTION
- control field: 20210907102529.0
008 - FIXED-LENGTH DATA ELEMENTS
- fixed length control field: 210907|| aca||aabn | a|a d
040 ## - CATALOGING SOURCE
- Original cataloging agency: NUST
- Transcribing agency: NUST
100 ## - HEADING--PERSONAL NAME
- Personal name: Kohonen, Teuvo
670 ## - SOURCE DATA FOUND
- Source citation: Work cat.: (NUST)32922: Livingstone, David J. 82190, Artificial neural networks :, 2009.
